000
00292nam a2200121Ia 4500
008
190216s9999||||xx |||||||||||||| ||und||
100
_a
Gupta R L
245
0
_a
"Advanced Accouting Vol 2, 3, 4"
260
_b
S Chand & Co
_c
1972
300
_a
1360
650
_a
Commerce-Accounting
942
_c
BK
999
_c
5501
_d
5501